| 000 | 00625nam a2200193 a 4500 | ||
|---|---|---|---|
| 001 | 000023028 | ||
| 005 | 20200930021936.0 | ||
| 008 | 101124s2000 cu a r 000 0 spa d | ||
| 020 | _a9597137097 | ||
| 040 |
_aDO-SdBNP _bspa _cBNPHU |
||
| 082 |
_axxxx _bF785l |
||
| 100 | 1 |
_aFowler Calzada, Víctor _947377 |
|
| 245 | 1 | 3 |
_aLa lectura, ese poliedro / _cVíctor Fowler Calzada. |
| 260 |
_aLa Habana : _bBiblioteca Nacional José Martí, _c2000. |
||
| 300 |
_a92 p. : _bil. ; _c23 cm. |
||
| 500 | _aIncluye referencia biográfica del autor en la contracubierta. | ||
| 500 | _aIncluye bibliografía p. [88-92]. | ||
| 049 | _aBNGR | ||
| 999 |
_c22525 _d22525 |
||